Bhāratīya Sthāpatya: (Record no. 84056)
[ view plain ]
| 000 -LEADER | |
|---|---|
| fixed length control field | 00873cam a22002651 4500 |
| 001 - CONTROL NUMBER | |
| control field | sa 68011680 |
| 003 - CONTROL NUMBER IDENTIFIER | |
| control field | DLC |
| 005 - DATE AND TIME OF LATEST TRANSACTION | |
| control field | 20260227112603.0 |
| 008 - FIXED-LENGTH DATA ELEMENTS--GENERAL INFORMATION | |
| fixed length control field | 900208s1968 ii f 000 0 hinr |
| 010 ## - LIBRARY OF CONGRESS CONTROL NUMBER | |
| LC control number | sa 68011680 |
| 025 ## - OVERSEAS ACQUISITION NUMBER | |
| Overseas acquisition number | PL480:I-H-5946 |
| 035 ## - SYSTEM CONTROL NUMBER | |
| System control number | (OCoLC)21020390 |
| 040 ## - CATALOGING SOURCE | |
| Original cataloging agency | DLC |
| Transcribing agency | MiEM |
| Modifying agency | MiEM |
| -- | DLC |
| 041 0# - LANGUAGE CODE | |
| Language code of text/sound track or separate title | hinengsan |
| 042 ## - AUTHENTICATION CODE | |
| Authentication code | premarc |
| 050 00 - LIBRARY OF CONGRESS CALL NUMBER | |
| Classification number | NA1502 |
| Item number | .S5 |
| 100 1# - MAIN ENTRY--PERSONAL NAME | |
| Personal name | Śukla, Dvijendranātha, |
| Dates associated with a name | 1916- |
| 245 10 - TITLE STATEMENT | |
| Title | Bhāratīya Sthāpatya: |
| Remainder of title | Śāstrīya evam Kalātmaka Adhyayana. |
| Statement of responsibility, etc. | Lekhaka Dvijendranātha Śukla. |
| 250 ## - EDITION STATEMENT | |
| Edition statement | [1. Saṅskaraṇa] |
| 260 ## - PUBLICATION, DISTRIBUTION, ETC. | |
| Place of publication, distribution, etc. | Lucknow, |
| Name of publisher, distributor, etc. | Hindī Samiti, Sūcanā Vibhāga, Uttara Pradeśa |
| Date of publication, distribution, etc. | [1968] |
| 300 ## - PHYSICAL DESCRIPTION | |
| Extent | 22, 644 p. |
| Other physical details | plates |
| Dimensions | 23 cm. |
| 440 #0 - SERIES STATEMENT/ADDED ENTRY--TITLE | |
| Title | Hindi Samiti granthamala, |
| Volume/sequential designation | 155 |
| 500 ## - GENERAL NOTE | |
| General note | In Hindi; includes quotations in English and Sanskrit. |
| 650 #0 - SUBJECT ADDED ENTRY--TOPICAL TERM | |
| Topical term or geographic name entry element | Architecture |
| Geographic subdivision | India |
| General subdivision | History. |
No items available.